| 000 | 00680nam a2200157Ia 4500 | ||
|---|---|---|---|
| 005 | 20240426055405.0 | ||
| 008 | 240331s9999 xx 000 0 und d | ||
| 020 | _a8185059098 | ||
| 082 |
_bTOM _a331.4 |
||
| 100 | _aTom, Irene | ||
| 245 | 0 |
_aWomen in unorganised sector _cIrene tom |
|
| 260 |
_aNew Delhi : _bUsha publication _c1989 |
||
| 300 | _ax, 110 p ., | ||
| 500 | _a This book fills the gap by describing the use of technology, work organization and labor relations in silk industry. the book also deals with the challenge presented by the question of how development initiated in silk industry can improve women's working conditions in the unorganized sector. | ||
| 942 | _cL | ||
| 999 |
_c2618 _d2618 |
||